[Event "AUT-chT2O 2122"]
[Site "Austria"]
[Date "2022.03.13"]
[Round "9.1"]
[White "Ruisz, Johannes"]
[Black "Brod, Manfred"]
[Result "1/2-1/2"]
[WhiteElo "2002"]
[BlackElo "2210"]
[PlyCount "49"]
[EventDate "2021.10.16"]
[EventType "team-tourn"]
[EventRounds "11"]
[EventCountry "AUT"]
[SourceTitle "EXT 2023"]
[Source "ChessBase"]
[SourceDate "2022.10.05"]
[SourceVersion "1"]
[SourceVersionDate "2022.10.05"]
[SourceQuality "1"]
[WhiteTeam "Pamhagen II"]
[BlackTeam "Mattersburg"]
[WhiteTeamCountry "AUT"]
[BlackTeamCountry "AUT"]

1. d4 f5 2. e4 fxe4 3. Nc3 Nf6 4. Bg5 c6 5. Bxf6 exf6 6. Nxe4 d5 7. Ng3 Bd6 8. Bd3 0-0 9. Qh5 Qe8+ 10. Qxe8 Rxe8+ 11. N1e2 Be6 12. 0-0 g6 13. Rfe1 Nd7 14. c3 f5 15. f3 h5 16. Nf1 h4 17. f4 Bf7 18. g3 Nf6 19. Kf2 Kg7 20. Ng1 Ne4+ 21. Kg2 Kf6 22. Nf3 hxg3 23. hxg3 g5 24. Bxe4 g4 25. Bd3 1/2-1/2